| 000 | 01061nam a22003017a 4500 | ||
|---|---|---|---|
| 001 | 4740 | ||
| 003 | FISKH | ||
| 005 | 20240926164635.0 | ||
| 008 | 240926b cb ||||| |||| 00| 0 eng d | ||
| 020 | _a9780439702249 | ||
| 040 |
_aFISKH _beng _cFISKH _dFISKH |
||
| 050 | _aPZ7.M47397 | ||
| 082 | _a011.62 | ||
| 100 |
_aMazer, Harry _eauthor |
||
| 245 |
_aA boy no more / _cby Harry Mazer |
||
| 250 | _aFirst Scholastic printing, October 2004 | ||
| 260 |
_aNew York : _bScholastic ; _c2004 . |
||
| 300 |
_a136 pages : _billustrator ; _c20 cm . |
||
| 490 | _a Adam Pelko | ||
| 505 | _aS | ||
| 520 | _aAfter his father is killed in the attack on Pearl Harbor, Adam, his mother, and sister are evacuated from Hawaii to California, where he must deal with his feelings about the war, Japanese internment camps, his father, and his own identity. | ||
| 521 | 8 |
_a800
_bLexile estimate |
|
| 521 | 8 |
_aS
_bRaz-Plus |
|
| 650 |
_achapter book _vfiction |
||
| 700 |
_aSfetsios , Debra _ebook designer |
||
| 942 |
_2ddc _cBK _n0 |
||
| 999 |
_c4740 _d4740 |
||